Whole life costing (Record no. 112732)

MARC details
000 -LEADER
fixed length control field 01462cad a22002055a 4500
001 - CONTROL NUMBER
control field L153861
008 - FIXED-LENGTH DATA ELEMENTS--GENERAL INFORMATION
fixed length control field 110914s2011 xxk f 000 0 eng d
035 ## - SYSTEM CONTROL NUMBER
System control number (Sirsi) u153861
041 0# - LANGUAGE CODE
Language code of text/sound track or separate title eng
110 2# - MAIN ENTRY--CORPORATE NAME
Corporate name or jurisdiction name as entry element SCI-Network
9 (RLIN) 5976
245 00 - TITLE STATEMENT
Title Whole life costing
Remainder of title preliminary report on available tools and guidance, barriers to implementing WLC, income streams, future forecasting of energy prices
Medium [electronic resource]
260 ## - PUBLICATION, DISTRIBUTION, ETC.
Place of publication, distribution, etc. London
Name of publisher, distributor, etc. SCI-Network
Date of publication, distribution, etc. 2011
520 ## - SUMMARY, ETC.
Summary, etc. SCI-Network is a network of European cities and other public authorities working together to find new, innovative and sustainable solutions for their public construction projects. This report covers whole life costing (WLC) in member states, whole life and life cycle costs, available WLC tools, barriers to implementing whole life costing, the use of income streams in WLC decisions, feed-in tariffs, the white certificate scheme in Italy, forecasting future energy and utility costs in whole life costing, forecasting of market prices, and the operating energy costs of buildings.
590 ## - LOCAL NOTE (RLIN)
Local note KA NTK
651 #4 - SUBJECT ADDED ENTRY--GEOGRAPHIC NAME
Geographic name Europe
690 ## - LOCAL SUBJECT ADDED ENTRY--TOPICAL TERM (OCLC, RLIN)
Topical term or geographic name as entry element Procurement
9 (RLIN) 6260
690 ## - LOCAL SUBJECT ADDED ENTRY--TOPICAL TERM (OCLC, RLIN)
Topical term or geographic name as entry element MANAGEMENT-BUSINESS MANAGEMENT-COST MANAGEMENT-COST ANALYSIS-LIFE CYCLE COSTING
856 40 - ELECTRONIC LOCATION AND ACCESS
Uniform Resource Identifier <a href="https://www.sci-network.eu/fileadmin/templates/sci-network/files/Resource_Centre/Reports/State_of_the_Art_report_Whole_Life_Costing.pdf">https://www.sci-network.eu/fileadmin/templates/sci-network/files/Resource_Centre/Reports/State_of_the_Art_report_Whole_Life_Costing.pdf</a>
Public note View the report free of charge (PDF file) at www.sci-network.eu
942 ## - ADDED ENTRY ELEMENTS (KOHA)
Suppress in OPAC 0
Holdings
Withdrawn status Lost status Source of classification or shelving scheme Damaged status Not for loan Home library Current library Shelving location Date acquired Total Checkouts Full call number Barcode Date last seen Copy number Price effective from Koha item type
    Dewey Decimal Classification     Virtual Virtual Online 14/09/2011   ONLINE PUBLICATION 153861-2001 06/08/2019 1 06/08/2019 Book